000
00300nam a22001457a 4500
003
SGT
020
_a
9788126713967
082
_a
920
_b
S83D
100
_a
DARBARI, RAAG
245
_a
SHRI LAL SHUKL
260
_b
RAJKAMAL PAPERBACKS
_c
1983
300
_a
334
650
_a
BIOGRAPHY
942
_2
ddc
_c
BK
999
_c
28351
_d
28351